| 000 | 00537nam a2200205 a 4500 | ||
|---|---|---|---|
| 001 | 19263 | ||
| 003 | CO-ViMGA | ||
| 008 | 141112s2004 ck r 000 u spa d | ||
| 020 | _a8420634492 | ||
| 040 |
_aCO-ViMGA _bspa _cCO-ViMGA |
||
| 082 | 0 | 4 | _aBr 869.3 R671g |
| 100 | 1 |
_aGuimaraes Rosa, Joao _927669 |
|
| 245 | 1 | 0 |
_aGran Sertón : _bVeredas |
| 260 |
_aMadrid : _bAlianza; 2000 |
||
| 300 | _a619 p. | ||
| 490 | _aLiteratura | ||
| 590 | _aForma de adquisición : Premio Mincultura | ||
| 650 | 1 | 4 | _aNOVELA BRASILEÑA |
| 942 |
_2ddc _cBK |
||
| 999 |
_c28423 _d28423 |
||